| 000 | 00796nam a2200229 a 4500 | ||
|---|---|---|---|
| 001 | 63596 | ||
| 003 | BD-RjUL | ||
| 005 | 20211209081220.0 | ||
| 008 | 170131s2002 bg ||||| |||| 00| f ben d | ||
| 020 | _c: Tk 125.00 | ||
| 035 | _a(BD-RjUL)63725 | ||
| 040 |
_aBD-RjUL _bben _cBD-RjUL _dBD-RjUL |
||
| 041 | _aben | ||
| 082 |
_223 _a891.444 _bAHS 2002 |
||
| 100 |
_aআহমদ, নাজির _9126265 |
||
| 245 | 1 | 0 |
_aসমকালীন ভাবনা / _cনাজির আহমদ |
| 260 |
_aসিলেট : _bপ্রভাষক সেলিম মুহম্মদ অলী আসগর, _c২০০২ |
||
| 300 |
_a১২৬ পৃ. ; _c২২ সেমি. |
||
| 650 |
_aবাংলা প্রবন্ধ _9145530 |
||
| 650 |
_aBengali Essays _9125847 |
||
| 942 |
_2ddc _cBK |
||
| 999 |
_c63596 _d63596 |
||